Zoom sur un personnage Disney - qui est-ce ? - Statistiques

Statistiques générales
  • Ce quiz a été pris 263 fois
  • Le résultat moyen est 22 sur 24
Statistiques - réponses
Par images Réponse % Correct
Vaiana
99%
Donald Duck
97%
Mickey Mouse
97%
Ariel
96%
Raiponce
96%
Aladdin
95%
Elsa
95%
Olaf
95%
Blanche-neige
94%
Hercule
94%
Peter Pan
93%
Belle
92%
Tarzan
91%
Jasmine
89%
Mulan
88%
Pocahontas
88%
Winnie l'ourson
88%
Simba
84%
Bambi
83%
Cruella
82%
Aurore
81%
Esmeralda
81%
Tiana
81%
Pinocchio
75%
Aucun quiz correspondant
Distribution des résultats
% des personnes avec chaque résultat
Percentile par nombre de réponses
Votre historique - résultats
Vous n’avez pas pris ce quiz